Российское законодательство: Библиографический указатель законов, принятых Государственной Думой второго созыва (1996-1999)

Podrobná bibliografie
Korporace: Российская Федерация Федеральное собрание Государственная Дума, Парламентская библиотека Российской Федерации
Shrnutí:Исключено из фонда НТБ ТПУ
Jazyk:ruština
Vydáno: Москва, Изд-во Гос. Думы, 2000
Médium: MixedMaterials Kniha
KOHA link:https://koha.lib.tpu.ru/cgi-bin/koha/opac-detail.pl?biblionumber=22711

MARC

LEADER 00000nam0a2200000 4500
001 22711
005 20231101205514.0
035 |a (RuTPU)RU\TPU\book\22924 
035 |a BOOK00000688 
090 |a 22711 
100 |a 20011209d2000 k a0rusy50 ca 
101 0 |a rus 
102 |a RU 
105 |a y bi 000zy 
200 1 |a Российское законодательство  |e Библиографический указатель законов, принятых Государственной Думой второго созыва (1996-1999)  |f Российская Федерация, Федеральное собрание, Государственная Дума ; Парламентская библиотека Российской Федерации 
210 |a Москва  |c Изд-во Гос. Думы  |d 2000 
215 |a 221 с. 
333 |a Исключено из фонда НТБ ТПУ 
712 0 1 |a Российская Федерация  |b Федеральное собрание  |b Государственная Дума  |9 23138 
712 0 2 |a Парламентская библиотека Российской Федерации  |c (Москва)  |9 23550 
801 0 |a RU  |b 63413507  |c 20011209  |g PSBO 
801 2 |a RU  |b 63413507  |c 20210119  |g PSBO 
942 |c BK